000 01025nam2a22002531 4500
001 v19\rc\2018019
005 20250620003629.0
035 _a(NLR Aleph) 005098772
090 _a7370613
_c7370613
100 _a20080925d1907 |||y0rusy50 ca
101 0 _arus
102 _aRU
105 _ay z |||||
200 1 _a... Syrup trifolium compound
_e(Сложный сироп клевера)
210 _d[1907]
_aБ. м.
215 _a11 с.
320 _aБиблиогр.: с. 11
461 0 _1001v19\rc\2017993
_12001#$a[Медикаменты, выпускаемые фирмой...$fParke, Davis & company, Detroit Mich (U.S.A.)
_97370346
_a"Парк, Дэвис и Ко", фирма (Детройт)
_cСанкт-Петербург]
_d1903-1907
_fParke, Davis & company, Detroit Mich (U.S.A.)
_t[Медикаменты, выпускаемые фирмой...
532 1 3 _aSyrup trifolium compound
801 0 _aRU
_bNLR
_gpsbo
801 1 _aRU
_bProSoft-M
_2rusmarc
852 _aNLR
_j34.85.6.138
942 _cBOOK
980 _aNB